Responses for show #5198 - Wednesday, March 28, 2007

Doug Hicton game 4.

Contestants

Samantha Ross, a student from Hillsdale, New Jersey

Brendan Pimper, an engineer and student from La Habra, California

Doug Hicton, a composer originally from Regina, Saskatchewan, Canada (whose 3-day cash winnings total $84,900)

Jeopardy! Round responses

JUST ONE OF THE 2...
(Alex: And we want just one, please.)
STATE TREES
ENTERTAINMENT AWARDS
SYMBOLIC STOCKS
DIRECTIONAL DIVERSIONS
INITIALLY BEFORE & AFTER
(Alex: Obviously, we'll be dealing with initials.)
    $200 11
Josephine

Brendan
    $200 16
Ohio

Brendan
    $200 1
Isaac Hayes

Brendan
    $200 26
Nike

Brendan
    $200 6
East

Doug
    $200 21
CDCBS

Brendan
    $400 12
Arizona

Doug
    $400 17
South Dakota

Doug
    $400 2
Jack Nicholson

Brendan
    $400 27
Johnson & Johnson

Doug
    $400 7
South

Brendan
    $400 22
TGIF. Murray Abraham

Brendan
    $600 13
(Doug: What is Charlotte?)

New Orleans

DougSamantha
    $2,200 18
hemlock

Doug
    $600 3
Lilith

Brendan
    $600 28
Electronic Arts

Samantha
    $600 8
West

Brendan
    $600 23
VMI.M. Pei

Brendan
    $800 14
Pompeii

Samantha
    $800 19
Hawaii

Doug
    $800 4
Tracy Chapman

Samantha
    $800 29
Marvel

Samantha
    $800 9
North and South

Doug
    $800 24
LSD.H. Lawrence

Doug
    $1000 15
It Happened One Night

Doug
    $1000 20
ponderosa

Brendan
    $1000 5
My Name Is Earl

Brendan
    $1000 30
Whole Foods

Brendan
    $1000 10
(Brendan: What is South?)

North

Brendan
Triple Stumper
    $1000 25
CIO. Henry

Brendan

Scores at the first commercial break (after clue 15):

Doug Brendan Samantha
$1,800 $2,400 $2,200

Scores at the end of the Jeopardy! Round:

Doug Brendan Samantha
$6,400 $7,000 $3,600

Double Jeopardy! Round responses

NOW NAME THE OTHER...
(Alex: Remember that first category? Now you have to name the other one!)
"C" POTPOURRI
THE WILD & WOOLLY 1800s
2-LETTER RESPONSES
JEFF
(Alex: And speaking of Jeff, we will have clues read by Jeff Probst in...)
FIJI
    $400 21
Marie-Louise

Doug
    $400 1
a charter

Brendan
    $400 30
(Doug: What's railway car?)

a balloon

Doug
Triple Stumper
    $400 6
PC

Samantha
    $400 11
(Jeff) Foxworthy

Samantha
    $400 16
bark

Brendan
    $800 22
New Mexico

Doug
    $800 2
Convertibles

Samantha
    $5,400 29
Louisiana

Doug
    $800 7
an MC

Brendan
    $800 12
Bridges

Brendan
    $800 17
Cook

Samantha
    $1200 23
Oklahoma City

Triple Stumper
    $1200 3
confidence

Brendan
    $1200 26
Austria-Hungary

Doug
    $1200 8
AP

Brendan
    $1200 13
DJ Jazzy Jeff

Brendan
    $3,000 18
(Alex: Brendan has been on a tremendous positive roll, obviously. He has $22,600.)

the Union Jack (the UK accepted)

Samantha
    $1600 24
Herculaneum

Doug
    $1600 4
coincidence

Brendan
    $1600 27
monopolies (or trusts)

Doug
    $1600 9
A.D.

Brendan
    $1600 14
Jeff Greenfield

Triple Stumper
    $1600 19
Suva

Doug
    $2000 25
(Brendan: What is Gone with the Wind?)

Mutiny on the Bounty

Brendan
Triple Stumper
    $2000 5
a capon

Brendan
    $2000 28
(Samantha: Who are the Whigs?)

the Anti-Masonic Party

Samantha
Triple Stumper
    $2000 10
G.I.

Brendan
    $2000 15
the Lake Poets

Brendan
    $2000 20
Melanesia

Doug

Scores at the end of the Double Jeopardy! Round:

Doug Brendan Samantha
$20,600 $20,200 $7,000

[wagering suggestions for these scores]

Final Jeopardy! Round responses

LITERARY FIGURES
(Alex: Born in the mid-19th century, so he lived probably into the beginning of the 20th. Who are we thinking of here? And there is a connection among those three individuals named.)
...
(Alex: Those three names--Bono, Jim Sheridan, Liam Neeson--all Irishmen.)
...
(Doug: [After his response is revealed] Nah, I suck at this.)

[ZergCam]
[ZergCam A]
[ZergCam B]
SamanthaWho was Wilde?
$7,000
BrendanWho is Twain?
$20,200
DougWho was G.B. Shaw?
$19,801
Oscar Wilde

Final scores:

Doug Brendan Samantha
$799 $0 $14,000
2nd place: $2,000 3rd place: $1,000 New champion: $14,000

Game dynamics:

Coryat scores:

Doug Brendan Samantha
$14,400 $20,200 $5,200
17 R
(including 2 DDs),
2 W
27 R,
2 W
10 R
(including 1 DD),
1 W

Combined Coryat: $39,800

The J! Archive is created by fans, for fans. The Jeopardy! game show and all elements thereof, including but not limited to copyright and trademark thereto, are the property of Jeopardy Productions, Inc. and are protected under law. This website is not affiliated with, sponsored by, or operated by Jeopardy Productions, Inc. Join the discussion at JBoard.tv.